Célébrités d'Amérique latine - Statistiques

Statistiques générales
  • Ce quiz a été pris 224 fois
  • Le résultat moyen est 7 sur 17
Statistiques - réponses
Hint Gens % Correct
Pop star colombienne connue pour "Hips Don't Lie" et "Whenever, Wherever" Shakira
92%
Footballeur argentin pour l'équipe nationale et le FC Barcelone, souvent considéré comme le meilleur joueur du monde Lionel Messi
81%
Leader révolutionnaire et guérillero argentin, figure clé de la révolution cubaine Che Guevara
80%
Leader de Cuba (1959-2008) Fidel Castro
80%
Artiste connue pour ses autoportraits mêlés à la tradition mexicaine Frida Kahlo
77%
Leader qui a joué un rôle dans l'indépendance de l'Amérique du Sud (et a un pays nommé d'après lui) Simon Bolivar
50%
Premier président socialiste démocratiquement élu en Amérique du Sud, plus tard enlevé dans un coup d'état militaire brutal Salvador Allende
35%
Modèle brésilien qui partage un nom avec une capitale sud-américaine Adriana Lima
33%
Auteur et lauréat du prix Nobel en 1982 (Cent ans de solitude) Gabriel Garcia Marquez
31%
Acteur cubain, nominé aux Oscars pour "Le Parrain 3" Andy Garcia
29%
Conjoint de ci-dessus ^ et un artiste établi Diego Rivera
29%
Leader de Cuba avant ^ Fulgencio Batista
28%
Ancien président du Pérou d'origine japonaise Alberto Fujimori
19%
Réalisateur connu pour "Amours chiennes ", "Biutiful", "Birdman" et "The Revenant" Alejandro Gonzales Iñárritu
9%
Joueuse de tennis, vainqueur du titre de singles féminin à l'US Open en 1990 Gabriela Sabatini
6%
Dictateur et chef de facto de la République dominicaine en 1930-1961 Rafael Trujillo
6%
Joueur de tennis péruvien ayant éliminé Federer au 1er tour de Roland Garros en 2003, aussi connu par son surnom "Lucho" Luis Horna
3%
Aucun quiz correspondant
Distribution des résultats
% des personnes avec chaque résultat
Percentile par nombre de réponses
Votre historique - résultats
Vous n’avez pas pris ce quiz